000
00339 a2200157 4500
001
162659
020
_a
040
_c
Magnum
100
_a
Cadore, Luis Agostinho
240
1
0
_a
Curso pratico de portugues
_l
por
245
1
0
_a
Curso pratico de portugues
362
0
_a
1899
440
1
_a
Ática
697
_a
PARADIDATICO
942
_c
BK
999
_c
162659
_d
162659